000 00504pam a2200193 a 4500
020 _a0323033032
_c3495.00
041 _aeng
_hNULL
082 _a616.9041
_bMUR/ROS
100 _aMURRY, P .
245 _aMEDICAL MICROBIOLOGY /
_cNULL.
_hTextual Documents
250 _a5 /
_b.
260 _aNULL :
_bELSEVIER ,
_c2005.
300 _a963 :
_bX ;
_cNULL .
365 _a3495.00
700 _aROSENTHAL , K .
_aPFALLER, M .
930 _a1170
999 _c795706
_d795706
650 _aMICROBIOLOGY